| 000 | 00798nam a22002535a 4500 | ||
|---|---|---|---|
| 008 | 161219r20142012ii a|||frb||| 001 0 eng d | ||
| 020 | _a8126542306 | ||
| 020 | _a9788126542307 | ||
| 040 |
_aEG-ScBUE _beng _cEG-ScBUE |
||
| 082 | 0 | 4 |
_222 _a621.31042 _bMOH |
| 100 | 1 |
_941729 _aMohan, Ned. |
|
| 245 |
_aElectric machines and drives : _ba first course / _cNed Mohan. |
||
| 250 | _awiley student ed. | ||
| 260 |
_aNew Delhi : _bWiley India Pvt. Ltd., _c2014. |
||
| 300 |
_axi, 276 p. : _bill. ; _c21 cm. |
||
| 500 | _aIndex : p. 271-276. | ||
| 504 | _aIncludes bibliographical references. | ||
| 590 | _aWessam | ||
| 650 | 7 |
_2BUEsh _96121 _aElectric machinery. |
|
| 650 | 7 |
_917827 _aElectric driving. _2BUEsh |
|
| 651 | _2BUEsh | ||
| 653 |
_bENGELC _cDecember2016 |
||
| 942 |
_2ddc _e22 _k621.31042 MOH |
||
| 999 |
_c23636 _d23608 |
||